[Event " 22. CAROBNI PRSTEN 2019"]
[Site "Valpovo"]
[Date "2019.12.13"]
[Round "1.1"]
[White "Cvitan, Ena"]
[Black "Bevanda, Ema"]
[Result "1-0"]
[WhiteElo "2289"]
[BlackElo "1570"]
[PlyCount "55"]
[EventDate "2019.12.13"]

1. d4 Nf6 2. Nf3 d5 3. c4 e6 4. cxd5 exd5 5. Nc3 c6 6. Bg5 Be7 7. Qc2 Nbd7 8.
e3 O-O 9. Bd3 h6 10. Bh4 Re8 11. O-O Nf8 12. Rab1 Be6 13. b4 Rc8 14. Ne5 Qc7
15. h3 N8d7 16. f4 Nb6 17. Qf2 Nh7 18. Bxh7+ Kxh7 19. f5 Bxh4 20. Qxh4 f6 21.
fxe6 fxe5 22. Rf7 Qd6 23. Qg4 Rg8 24. Qf5+ Kh8 25. dxe5 Qd8 26. e7 Qe8 27. Rf1
Nd7 28. Ne2 1-0

[Event " 22. CAROBNI PRSTEN 2019"]
[Site "Valpovo"]
[Date "2019.12.13"]
[Round "1.2"]
[White "Juric, Matea"]
[Black "Djukic, Sandra"]
[Result "0-1"]
[WhiteElo "1567"]
[BlackElo "2151"]
[PlyCount "62"]
[EventDate "2019.12.13"]

1. e4 c5 2. Nf3 Nc6 3. d4 cxd4 4. Nxd4 Qc7 5. Nc3 e6 6. a3 a6 7. Be3 Nf6 8. g3
Ne5 9. Bf4 d6 10. Bxe5 dxe5 11. Nf3 Bc5 12. Bd3 b5 13. O-O O-O 14. Qe2 Bb7 15.
h3 Rfd8 16. Rfd1 h6 17. Rac1 Bd4 18. Nxd4 exd4 19. Na2 e5 20. c3 Qd6 21. cxd4
exd4 22. Nb4 Re8 23. Nc2 Rad8 24. Qd2 Qe6 25. Kh2 Nxe4 26. Bxe4 Qxe4 27. f4 d3
28. Nb4 a5 29. Re1 Qf3 30. Na2 Rxe1 31. Rxe1 Rc8 0-1

[Event " 22. CAROBNI PRSTEN 2019"]
[Site "Valpovo"]
[Date "2019.12.13"]
[Round "1.3"]
[White "Roklicer, Heike"]
[Black "Vidovic, Petra"]
[Result "1-0"]
[WhiteElo "2020"]
[BlackElo "1518"]
[PlyCount "51"]
[EventDate "2019.12.13"]

1. b3 d5 2. Bb2 Nc6 3. e3 e5 4. Bb5 Bd6 5. c4 Be6 6. c5 Bxc5 7. Bxe5 f6 8. Bb2
Nge7 9. Ne2 a6 10. Bxc6+ Nxc6 11. Nf4 Qd7 12. Nc3 O-O-O 13. d4 Bb4 14. a3 Bxc3+
15. Bxc3 Bf5 16. b4 Na7 17. a4 b6 18. Rc1 Kb7 19. Qb3 h5 20. Bb2 g5 21. Ne2 Nc8
22. b5 a5 23. Ba3 Na7 24. Kd2 Rc8 25. Rc3 Be6 26. Rhc1 1-0

[Event " 22. CAROBNI PRSTEN 2019"]
[Site "Valpovo"]
[Date "2019.12.13"]
[Round "1.4"]
[White "Raguz, Sima"]
[Black "Ivekovic, Ana"]
[Result "0-1"]
[WhiteElo "1128"]
[BlackElo "2016"]
[PlyCount "118"]
[EventDate "2019.12.13"]

1. e4 e5 2. Nf3 Nc6 3. Bb5 a6 4. Ba4 Nf6 5. O-O Be7 6. Re1 b5 7. Bb3 d6 8. c3
O-O 9. d4 Bg4 10. d5 Nb8 11. Bg5 Nh5 12. Bxe7 Qxe7 13. h3 Bc8 14. Nbd2 Nf4 15.
Nf1 Nd7 16. Ng3 Nf6 17. Nf5 Qd8 18. Nh2 g6 19. Nh6+ Kg7 20. N6g4 Nxg4 21. Nxg4
f5 22. exf5 gxf5 23. Ne3 Qg5 24. Kh2 Rf6 25. g3 Nxh3 26. Kxh3 f4+ 27. Kg2 fxe3
28. Rxe3 Bg4 29. Qd3 Raf8 30. f4 exf4 31. Re7+ R8f7 32. Rxf7+ Rxf7 33. Bc2 Bf5
34. Qd4+ Qf6 35. Bxf5 Qxd4 36. cxd4 Rxf5 37. gxf4 Rxd5 38. Rd1 c5 39. Kf3 Rxd4
40. Rxd4 cxd4 41. Ke4 Kf6 42. Kxd4 h5 43. Ke4 h4 44. a3 h3 45. Kf3 d5 46. Kg3
d4 47. Kxh3 d3 48. Kg4 d2 49. Kg3 d1=Q 50. Kf2 Kf5 51. Ke3 Qd5 52. b4 Qe4+ 53.
Kd2 Kxf4 54. Kc3 Ke3 55. a4 Qc4+ 56. Kb2 Kd3 57. Ka3 Kc3 58. axb5 Qxb4+ 59. Ka2
Qb2# 0-1

[Event " 22. CAROBNI PRSTEN 2019"]
[Site "Valpovo"]
[Date "2019.12.13"]
[Round "2.1"]
[White "Ivekovic, Ana"]
[Black "Cvitan, Ena"]
[Result "1/2-1/2"]
[WhiteElo "2016"]
[BlackElo "2289"]
[PlyCount "103"]
[EventDate "2019.12.13"]

1. d4 d5 2. c4 e6 3. Nf3 a6 4. Nc3 dxc4 5. e3 b5 6. a4 b4 7. Nb1 Bb7 8. Bxc4
Nf6 9. O-O Nbd7 10. Nbd2 c5 11. Qe2 cxd4 12. exd4 Be7 13. Ne5 Nxe5 14. dxe5 Nd7
15. Nf3 Bxf3 16. gxf3 O-O 17. Rd1 Qc7 18. Bf4 Nc5 19. Kh1 Qc6 20. Rg1 Rfd8 21.
b3 Rd7 22. Rad1 Rad8 23. Rc1 Qb7 24. Rg2 g6 25. Rgg1 Kg7 26. Rcd1 a5 27. Rxd7
Rxd7 28. Rd1 Rxd1+ 29. Qxd1 h5 30. Kg2 g5 31. Be3 Qc7 32. Bxc5 Bxc5 33. Qe2 Bd4
34. f4 gxf4 35. Qxh5 Bxe5 36. Qg4+ Kf8 37. h4 Qc6+ 38. Qf3 Qxf3+ 39. Kxf3 Kg7
40. Ke4 Bc7 41. Kf3 Kg6 42. Kg4 f5+ 43. Kf3 e5 44. Ke2 Bd8 45. f3 Bxh4 46. Be6
Kf6 47. Bd5 e4 48. fxe4 Ke5 49. Kf3 fxe4+ 50. Bxe4 Be7 51. Bh7 Bd6 52. Bg8
1/2-1/2

[Event " 22. CAROBNI PRSTEN 2019"]
[Site "Valpovo"]
[Date "2019.12.13"]
[Round "2.2"]
[White "Djukic, Sandra"]
[Black "Roklicer, Heike"]
[Result "1-0"]
[WhiteElo "2151"]
[BlackElo "2020"]
[PlyCount "111"]
[EventDate "2019.12.13"]

1. d4 d5 2. c4 c6 3. Nf3 Nf6 4. e3 a6 5. Bd2 g6 6. Be2 Nbd7 7. Nc3 Bg7 8. O-O
O-O 9. cxd5 cxd5 10. Qb3 e6 11. Bd3 Qb6 12. Qc2 Qd6 13. Rfc1 e5 14. dxe5 Nxe5
15. Nxe5 Qxe5 16. h3 Bd7 17. Rd1 Bc6 18. Ne2 Ne4 19. Nd4 Rfc8 20. Bxe4 Qxe4 21.
Qb3 Bxd4 22. exd4 Re8 23. Qg3 Qf5 24. Re1 Kg7 25. Qh4 h5 26. Re5 Rxe5 27. dxe5
Re8 28. Re1 Re6 29. Bc3 Kg8 30. a3 Kg7 31. Re3 Qb1+ 32. Kh2 Qc2 33. Bd4 Qf5 34.
Bc3 Kg8 35. Rf3 Qe4 36. Rf4 Qe2 37. Qd8+ Be8 38. Qxd5 Qf1 39. Qxb7 Kg7 40. Rf6
Qc4 41. Rxe6 Qxe6 42. Qf3 Kf8 43. Qf4 Bc6 44. Qh6+ Ke8 45. Qd2 Bd5 46. Qd4 Qc6
47. f3 Qe6 48. Bb4 Qd7 49. Qc5 Qe6 50. f4 g5 51. Qf8+ Kd7 52. g3 h4 53. gxh4
gxf4 54. Bd6 f5 55. h5 Qe8 56. Qg7+ 1-0

[Event " 22. CAROBNI PRSTEN 2019"]
[Site "Valpovo"]
[Date "2019.12.13"]
[Round "2.4"]
[White "Juric, Ester"]
[Black "Raguz, Ivanka"]
[Result "0-1"]
[WhiteElo "1599"]
[BlackElo "1691"]
[PlyCount "54"]
[EventDate "2019.12.13"]

1. d4 Nf6 2. c4 e6 3. Nc3 Bb4 4. e3 O-O 5. Nf3 Ne4 6. Qc2 f5 7. Bd3 Nxc3 8.
bxc3 Be7 9. O-O d6 10. Re1 g5 11. h3 Rf7 12. e4 g4 13. hxg4 fxg4 14. Nh2 e5 15.
c5 Kh8 16. cxd6 cxd6 17. Bb2 Qf8 18. dxe5 dxe5 19. c4 Nc6 20. a3 Bc5 21. Re2 g3
22. Nf3 Rxf3 23. gxf3 Qh6 24. Rd2 Qh2+ 25. Kf1 g2+ 26. Ke2 g1=Q 27. Rxg1 Qxf2+
0-1

[Event " 22. CAROBNI PRSTEN 2019"]
[Site "Valpovo"]
[Date "2019.12.13"]
[Round "2.5"]
[White "Bevanda, Ema"]
[Black "Raguz, Sima"]
[Result "1-0"]
[WhiteElo "1570"]
[BlackElo "1128"]
[PlyCount "45"]
[EventDate "2019.12.13"]

1. d4 d5 2. Bf4 Nc6 3. Nf3 Nf6 4. e3 e6 5. Bd3 Bd6 6. Ne5 Bd7 7. Nd2 Bb4 8. c3
Ba5 9. a4 a6 10. Qf3 Qe7 11. Qh3 O-O-O 12. b4 Bb6 13. Nb3 Ba7 14. b5 Nxe5 15.
Bxe5 axb5 16. axb5 Kb8 17. O-O h6 18. Bxc7+ Kxc7 19. Rxa7 Kb6 20. Rfa1 Bxb5 21.
Bxb5 Kxb5 22. Nc5 Rc8 23. Rxb7+ 1-0

[Event " 22. CAROBNI PRSTEN 2019"]
[Site "Valpovo"]
[Date "2019.12.13"]
[Round "2.6"]
[White "Vidovic, Petra"]
[Black "Juric, Matea"]
[Result "1-0"]
[WhiteElo "1518"]
[BlackElo "1567"]
[PlyCount "77"]
[EventDate "2019.12.13"]

1. e4 e5 2. Nf3 Nc6 3. d4 exd4 4. Nxd4 Nxd4 5. Qxd4 d6 6. Nc3 Nf6 7. f3 Bd7 8.
Be3 c5 9. Qd2 Qc7 10. O-O-O O-O-O 11. Bg5 h5 12. Bxf6 gxf6 13. Nd5 Qb8 14. Nxf6
Be6 15. Kb1 Qc7 16. Nd5 Qd7 17. Qa5 Bxd5 18. Rxd5 a6 19. Bc4 Be7 20. Rhd1 Qc7
21. Qa3 f6 22. g3 Kb8 23. Be2 Ka7 24. h4 Qc8 25. f4 Qc6 26. Bxh5 Qc8 27. Bf3
Qe6 28. Qd3 Rhg8 29. f5 Qf7 30. g4 Qe8 31. Qb3 Rd7 32. a3 Qc8 33. Qc4 b5 34.
Qd3 Qc7 35. e5 fxe5 36. Rxe5 Bxh4 37. Qd5 Rf8 38. Re6 Be7 39. Rg1 1-0

[Event " 22. CAROBNI PRSTEN 2019"]
[Site "Valpovo"]
[Date "2019.12.14"]
[Round "3.1"]
[White "Raguz, Ivanka"]
[Black "Djukic, Sandra"]
[Result "1/2-1/2"]
[WhiteElo "1691"]
[BlackElo "2151"]
[PlyCount "129"]
[EventDate "2019.12.13"]

1. d4 d5 2. Nf3 Nf6 3. Bg5 Ne4 4. Bf4 g6 5. Nbd2 Bg7 6. c3 c5 7. e3 Qb6 8. Bd3
Bf5 9. Qc2 Nxd2 10. Nxd2 Bxd3 11. Qxd3 Nd7 12. O-O O-O 13. b4 c4 14. Qc2 Qf6
15. Bg3 h5 16. f3 e5 17. Rae1 h4 18. Bf2 Qg5 19. dxe5 Qxe5 20. Nb1 Qg5 21. e4
h3 22. Be3 Qxg2+ 23. Qxg2 hxg2 24. Kxg2 dxe4 25. fxe4 Ne5 26. a4 Nd3 27. Re2
Rfe8 28. Bg1 a6 29. a5 Rac8 30. h3 Re5 31. Kf3 Rh5 32. Kg2 Be5 33. Be3 f6 34.
Bd2 Kf7 35. Na3 Ke6 36. Nc2 Rch8 37. Rf3 Rc8 38. Na3 Nb2 39. b5 Na4 40. Be1 Rh7
41. bxa6 bxa6 42. Nc2 Rd7 43. Nb4 Rc5 44. Nxa6 Rxa5 45. Nb4 Rb5 46. Nc6 Rd6 47.
Nb4 Bxc3 48. Nd5 Bxe1 49. Rxf6+ Ke5 50. Rxd6 Kxd6 51. Rxe1 Ke5 52. Ne3 c3 53.
Kf3 Nc5 54. Ng4+ Ke6 55. Ke3 Rb4 56. Nf2 Rb2 57. Nd3 Nxd3 58. Kxd3 c2 59. Rc1
Ke5 60. h4 Kf4 61. Kc3 Rb5 62. Rf1+ Kxe4 63. Kxc2 Rh5 64. Rf6 Rxh4 65. Rxg6
1/2-1/2

[Event " 22. CAROBNI PRSTEN 2019"]
[Site "Valpovo"]
[Date "2019.12.14"]
[Round "3.3"]
[White "Cvitan, Ena"]
[Black "Vidovic, Petra"]
[Result "1-0"]
[WhiteElo "2289"]
[BlackElo "1518"]
[PlyCount "123"]
[EventDate "2019.12.13"]

1. d4 d5 2. c4 dxc4 3. e3 Nf6 4. Bxc4 a6 5. Nf3 b5 6. Be2 e6 7. O-O Be7 8. b3
O-O 9. Bb2 Nbd7 10. Nbd2 Bb7 11. a4 c6 12. Rc1 Nd5 13. Qc2 Qa5 14. Ra1 Qb6 15.
Ne4 h6 16. Rac1 Rfc8 17. Nc5 Nxc5 18. dxc5 Qc7 19. Be5 Qd8 20. e4 Nf6 21. a5
Nd7 22. Bd4 Qc7 23. e5 f6 24. exf6 Bxf6 25. Qe4 e5 26. Bb2 Re8 27. Bd3 Nf8 28.
Nh4 Bxh4 29. Qxh4 Rad8 30. Qg3 Rd5 31. Be4 Rdd8 32. Rfe1 Rd7 33. Re2 Rde7 34.
b4 Bc8 35. Rd1 Nh7 36. Rd6 Re6 37. Red2 Ng5 38. Bf5 Rxd6 39. cxd6 Qf7 40. Bxc8
Rxc8 41. Rd1 Rd8 42. h4 Ne4 43. Qe3 Rxd6 44. Rxd6 Nxd6 45. Qxe5 Nc4 46. Qb8+
Kh7 47. Bd4 Qe7 48. Qg3 Qf7 49. Qg4 Qg6 50. Qxg6+ Kxg6 51. g4 Na3 52. h5+ Kf7
53. Kf1 g6 54. Ke2 gxh5 55. gxh5 Nc2 56. Bc3 Na3 57. Kd3 Nc4 58. Ke4 Ke6 59.
Kd4 Nd6 60. Bd2 Nf7 61. Kc5 Kd7 62. Kb6 1-0

[Event " 22. CAROBNI PRSTEN 2019"]
[Site "Valpovo"]
[Date "2019.12.14"]
[Round "3.4"]
[White "Roklicer, Heike"]
[Black "Bevanda, Ema"]
[Result "1/2-1/2"]
[WhiteElo "2020"]
[BlackElo "1570"]
[PlyCount "61"]
[EventDate "2019.12.13"]

1. b3 d5 2. Bb2 e6 3. e3 Nf6 4. Nf3 Be7 5. c4 Nbd7 6. Be2 c6 7. Nc3 O-O 8. O-O
Re8 9. d4 Bd6 10. Rc1 Qe7 11. Qd2 dxc4 12. bxc4 e5 13. dxe5 Nxe5 14. Rfd1 Bc7
15. Na4 Nxf3+ 16. Bxf3 Bf5 17. Bd4 Ne4 18. Qb2 Ng5 19. Be2 Ne6 20. Be5 Bxe5 21.
Qxe5 Bg6 22. Nc3 Rad8 23. Bg4 Qc5 24. Qxc5 Nxc5 25. Be2 f6 26. Rd4 Rxd4 27.
exd4 Ne4 28. Kf1 Nd2+ 29. Kg1 Ne4 30. Kf1 Nd2+ 31. Kg1 1/2-1/2

[Event " 22. CAROBNI PRSTEN 2019"]
[Site "Valpovo"]
[Date "2019.12.14"]
[Round "3.6"]
[White "Raguz, Sima"]
[Black "Juric, Ester"]
[Result "0-1"]
[WhiteElo "1128"]
[BlackElo "1599"]
[PlyCount "118"]
[EventDate "2019.12.13"]

1. e4 c5 2. Nf3 d6 3. Nc3 Nf6 4. d4 cxd4 5. Nxd4 a6 6. Bg5 e6 7. Bd3 Be7 8. O-O
O-O 9. Re1 h6 10. Bh4 Nbd7 11. Bg3 Nc5 12. Bf1 Qb6 13. Nb3 Nxb3 14. axb3 Rd8
15. Bh4 Qc7 16. Qf3 b5 17. e5 Bb7 18. Qg3 dxe5 19. Qxe5 Qxe5 20. Rxe5 Rd2 21.
Re2 Rxe2 22. Bxe2 Rd8 23. h3 g5 24. Bg3 Ne4 25. Nxe4 Bxe4 26. Rxa6 Bxc2 27.
Bxb5 Bxb3 28. Ra7 Bc5 29. Rc7 Bd4 30. Be2 f5 31. Rb7 Bd5 32. Rb4 e5 33. Rb5 f4
34. Bh2 Bc6 35. Rb4 Ra8 36. g3 Ra1+ 37. Bf1 Bf3 38. Rb8+ Kg7 39. gxf4 exf4 40.
b4 Be2 41. Rb7+ Kf6 42. Kg2 Bxf1+ 43. Kf3 Ra3+ 44. Ke4 Bg2+ 45. Kxd4 Bxb7 46.
Kc5 Rxh3 47. Bg1 Rh1 48. Kb6 Bf3 49. b5 Rxg1 50. Ka7 h5 51. b6 h4 52. b7 Bxb7
53. Kxb7 Rc1 54. Kb6 h3 55. f3 h2 56. Ka7 Rb1 57. Ka6 h1=Q 58. Ka7 Qc1 59. Ka8
Qa3# 0-1

[Event " 22. CAROBNI PRSTEN 2019"]
[Site "Valpovo"]
[Date "2019.12.14"]
[Round "4.2"]
[White "Ivekovic, Ana"]
[Black "Raguz, Ivanka"]
[Result "1-0"]
[WhiteElo "2016"]
[BlackElo "1691"]
[PlyCount "35"]
[EventDate "2019.12.13"]

1. d4 Nf6 2. c4 e6 3. Nf3 d5 4. Nc3 Bb4 5. a3 Be7 6. e3 O-O 7. Bd3 a5 8. cxd5
exd5 9. Qc2 Bg4 10. Ne5 Bh5 11. O-O Na6 12. Qb3 c5 13. Qxb7 Nc7 14. Nc6 Qd6 15.
dxc5 Qxc5 16. Qxc7 Bd6 17. Na4 Qxc1 18. Ne7+ 1-0

[Event " 22. CAROBNI PRSTEN 2019"]
[Site "Valpovo"]
[Date "2019.12.14"]
[Round "4.5"]
[White "Juric, Ester"]
[Black "Vidovic, Petra"]
[Result "1/2-1/2"]
[WhiteElo "1599"]
[BlackElo "1518"]
[PlyCount "93"]
[EventDate "2019.12.13"]

1. d4 d5 2. c4 dxc4 3. Nc3 a6 4. a4 Nf6 5. e4 e6 6. Bxc4 Bb4 7. e5 Nd5 8. Nge2
Nc6 9. O-O Nb6 10. Ba2 O-O 11. Be3 Ne7 12. Ng3 Bd7 13. Bb3 Nc6 14. Na2 Be7 15.
Qd3 g6 16. Bh6 Re8 17. Bc2 Nd5 18. Bb1 f6 19. f4 f5 20. Ne2 Ncb4 21. Nxb4 Nxb4
22. Qh3 Bc6 23. g4 Qd5 24. Kf2 Qd8 25. g5 Nd5 26. Ba2 Qd7 27. Bb3 Nb6 28. a5
Nd5 29. Rac1 Bb4 30. Ra1 Bb5 31. Bxd5 Qxd5 32. Qe3 Rad8 33. Rfd1 Bc6 34. Rg1
Bxa5 35. h4 Bb6 36. Rad1 Qe4 37. Qxe4 Bxe4 38. Ke3 c5 39. Rge1 cxd4+ 40. Nxd4
Re7 41. Rd2 Red7 42. Red1 Bxd4+ 43. Rxd4 Rxd4 44. Rxd4 Rxd4 45. Kxd4 Kf7 46.
Kc5 Bc6 47. Kb6 1/2-1/2

[Event " 22. CAROBNI PRSTEN 2019"]
[Site "Valpovo"]
[Date "2019.12.14"]
[Round "4.6"]
[White "Raguz, Sima"]
[Black "Juric, Matea"]
[Result "0-1"]
[WhiteElo "1128"]
[BlackElo "1567"]
[PlyCount "128"]
[EventDate "2019.12.13"]

1. e4 e5 2. Nf3 d6 3. Bb5+ Bd7 4. Bxd7+ Qxd7 5. O-O Nf6 6. Re1 Be7 7. c3 O-O 8.
d4 exd4 9. cxd4 h6 10. Nc3 c6 11. Qe2 Re8 12. e5 dxe5 13. dxe5 Nd5 14. Nxd5
Qxd5 15. Qe4 Rd8 16. Qg4 Kh7 17. Qf5+ Kg8 18. Bf4 Na6 19. Qg4 Kh7 20. h3 Bc5
21. Nd2 Qd4 22. Be3 Qxg4 23. hxg4 Bxe3 24. Nc4 Bc5 25. Rad1 Nb4 26. Nd6 Bxd6
27. exd6 Nd5 28. Rd3 Rxd6 29. Rf3 f6 30. Rb3 Nb6 31. Re7 Rb8 32. Ra3 a6 33.
Rae3 Rd7 34. R7e4 Nd5 35. Rf3 Re7 36. Rd4 Rbe8 37. b3 Re4 38. Rxe4 Rxe4 39. Rg3
Re2 40. a4 Re1+ 41. Kh2 Re2 42. Rf3 Re4 43. Kg3 Rb4 44. Kh4 Ne7 45. Rd3 Ng6+
46. Kg3 Rxg4+ 47. Kxg4 Ne5+ 48. Kf5 Nxd3 49. f4 Nc5 50. g4 Nxb3 51. Ke6 Nc5+
52. Kd6 Nxa4 53. Kc7 c5 54. Kxb7 c4 55. Kxa6 c3 56. g5 hxg5 57. f5 c2 58. Ka5
c1=Q 59. Kb5 Kg8 60. Kb4 Qc3+ 61. Kb5 Qc5+ 62. Kxa4 Qb6 63. Ka3 g4 64. Ka2 g3
0-1

[Event " 22. CAROBNI PRSTEN 2019"]
[Site "Valpovo"]
[Date "2019.12.14"]
[Round "5.1"]
[White "Djukic, Sandra"]
[Black "Ivekovic, Ana"]
[Result "1-0"]
[WhiteElo "2151"]
[BlackElo "2016"]
[PlyCount "75"]
[EventDate "2019.12.13"]

1. d4 Nf6 2. c4 e6 3. Nf3 Bb4+ 4. Bd2 Qe7 5. g3 O-O 6. Bg2 Bxd2+ 7. Qxd2 Ne4 8.
Qe3 Qb4+ 9. Nbd2 Nxd2 10. Nxd2 Nc6 11. Rb1 Qb6 12. c5 Qb4 13. Bxc6 bxc6 14. a3
Qa4 15. O-O a5 16. Qc3 Ba6 17. Rfe1 Rab8 18. Ra1 Qb5 19. b3 Rfd8 20. Rac1 Bb7
21. a4 Qb4 22. Qxb4 axb4 23. f3 Ba6 24. Kf2 Rdc8 25. e4 d5 26. e5 Rf8 27. f4 h5
28. Nf3 Rfe8 29. Re3 Bc8 30. Rce1 Ba6 31. h3 g6 32. g4 hxg4 33. hxg4 Kg7 34. f5
Rh8 35. f6+ Kg8 36. Kg3 Kf8 37. Kg2 Rh4 38. Nxh4 1-0

[Event " 22. CAROBNI PRSTEN 2019"]
[Site "Valpovo"]
[Date "2019.12.14"]
[Round "5.2"]
[White "Cvitan, Ena"]
[Black "Roklicer, Heike"]
[Result "1-0"]
[WhiteElo "2289"]
[BlackElo "2020"]
[PlyCount "99"]
[EventDate "2019.12.13"]

1. d4 d5 2. c4 e5 3. dxe5 d4 4. Nf3 Nc6 5. a3 a5 6. b3 Bc5 7. g3 Nge7 8. Bg2
Ng6 9. O-O O-O 10. Bb2 Re8 11. Nbd2 Ngxe5 12. Nxe5 Nxe5 13. Nf3 Nxf3+ 14. Bxf3
Bb6 15. Qd3 c5 16. Bd5 Qf6 17. e4 Bh3 18. Rfe1 Rab8 19. f4 Bc7 20. e5 Qh6 21.
Re2 Qh5 22. Rae1 Bg4 23. Rf2 Bf5 24. Qd2 Qg6 25. Rfe2 h5 26. Qd1 Bg4 27. Qd2 h4
28. Be4 Qh6 29. Rg2 h3 30. Rf2 Qh5 31. Qd3 Re6 32. Bc1 g6 33. Bd5 Bf5 34. Qf1
b6 35. Bxe6 fxe6 36. b4 Qh8 37. Qe2 Qh5 38. Qf1 Qh8 39. Rb2 Kg7 40. bxc5 bxc5
41. Rxb8 Qxb8 42. Qf3 a4 43. g4 Bc2 44. Qxh3 Ba5 45. f5 Qg8 46. Qh6+ Kf7 47.
fxe6+ Kxe6 48. Rf1 Qe8 49. Rf6+ Kd7 50. Qg7+ 1-0

[Event " 22. CAROBNI PRSTEN 2019"]
[Site "Valpovo"]
[Date "2019.12.14"]
[Round "5.3"]
[White "Raguz, Ivanka"]
[Black "Bevanda, Ema"]
[Result "0-1"]
[WhiteElo "1691"]
[BlackElo "1570"]
[PlyCount "62"]
[EventDate "2019.12.13"]

1. d4 Nf6 2. c4 e5 3. d5 Bc5 4. Nc3 d6 5. h3 Bf5 6. g4 Bg6 7. Nf3 Nbd7 8. Bg5
h6 9. Bd2 Nb6 10. Qb3 Qe7 11. O-O-O Bxf2 12. g5 hxg5 13. Bxg5 O-O-O 14. Bg2 Qd7
15. Rhf1 Bc5 16. Nd2 Rh5 17. h4 Kb8 18. a4 a6 19. a5 Nc8 20. Nde4 Nxe4 21. Nxe4
Bxe4 22. Bxe4 Ne7 23. Rxf7 Re8 24. Rxg7 Qg4 25. Bf3 Qg3 26. Qd3 Rxh4 27. Rxe7
Qxg5+ 28. Kb1 Rxe7 29. b4 Rd4 30. Qc2 Rxd1+ 31. Qxd1 Qg1 0-1

[Event " 22. CAROBNI PRSTEN 2019"]
[Site "Valpovo"]
[Date "2019.12.15"]
[Round "6.1"]
[White "Bevanda, Ema"]
[Black "Djukic, Sandra"]
[Result "1/2-1/2"]
[WhiteElo "1570"]
[BlackElo "2151"]
[PlyCount "120"]
[EventDate "2019.12.13"]

1. d4 Nf6 2. Bf4 g6 3. Nf3 Bg7 4. e3 d6 5. Be2 Nbd7 6. O-O O-O 7. Re1 c5 8. c3
b6 9. a4 a6 10. Nbd2 Bb7 11. Qb3 Qc7 12. Rac1 e5 13. dxe5 dxe5 14. Bg3 Nh5 15.
Bh4 h6 16. Red1 g5 17. Bg3 Nxg3 18. hxg3 Rab8 19. Nc4 b5 20. axb5 axb5 21. Nd6
e4 22. Nh2 Ne5 23. Nxb5 Qe7 24. Qc2 Nd3 25. Bxd3 exd3 26. Qxd3 Ba6 27. c4 Bxb2
28. Rc2 Bg7 29. Nc3 Rfd8 30. Nd5 Qe6 31. Qe2 Qe4 32. Nf3 Rxd5 33. Rxd5 Qxd5 34.
cxd5 Bxe2 35. Rxe2 c4 36. Rc2 Rb1+ 37. Kh2 c3 38. Nd4 Bxd4 39. exd4 Rb3 40. d6
Rb4 41. Rxc3 Rxd4 42. Rc8+ Kg7 43. Rd8 g4 44. f3 h5 45. Kg1 Rd2 46. Kf1 Kf6 47.
Rh8 Rxd6 48. Rxh5 Kg6 49. Rh4 gxf3 50. gxf3 Rd2 51. Re4 Ra2 52. Re2 Ra3 53. Kf2
f5 54. Re6+ Kg5 55. Kg2 f4 56. Re5+ Kf6 57. gxf4 Ra1 58. Kf2 Rb1 59. Re1 Rxe1
60. Kxe1 Kf5 1/2-1/2

[Event " 22. CAROBNI PRSTEN 2019"]
[Site "Valpovo"]
[Date "2019.12.15"]
[Round "6.3"]
[White "Ivekovic, Ana"]
[Black "Vidovic, Petra"]
[Result "1-0"]
[WhiteElo "2016"]
[BlackElo "1518"]
[PlyCount "43"]
[EventDate "2019.12.13"]

1. d4 d5 2. c4 dxc4 3. Nf3 Nf6 4. e3 a6 5. Bxc4 b5 6. Bb3 Bb7 7. O-O e6 8. Qe2
Be7 9. a4 c6 10. Nbd2 O-O 11. e4 Qd7 12. e5 Nd5 13. Ne4 a5 14. Bg5 Bb4 15. Rfd1
Ba6 16. axb5 Bxb5 17. Qc2 Nb6 18. Nf6+ gxf6 19. Bxf6 h6 20. Qe4 Rc8 21. Qh4 Bf8
22. Qg4+ 1-0

[Event " 22. CAROBNI PRSTEN 2019"]
[Site "Valpovo"]
[Date "2019.12.15"]
[Round "6.4"]
[White "Roklicer, Heike"]
[Black "Juric, Ester"]
[Result "1-0"]
[WhiteElo "2020"]
[BlackElo "1599"]
[PlyCount "87"]
[EventDate "2019.12.13"]

1. b3 d5 2. Bb2 e6 3. e3 c5 4. Nf3 Nf6 5. c4 dxc4 6. Bxc4 Be7 7. O-O O-O 8. Ne5
Nbd7 9. f4 Nb6 10. Bd3 Re8 11. Qf3 Nbd5 12. a3 a6 13. Qh3 g6 14. Qf3 b5 15. Nc6
Qc7 16. Nxe7+ Qxe7 17. e4 Nb6 18. Bc2 Bb7 19. d3 c4 20. bxc4 bxc4 21. d4 Red8
22. Bc3 Nfd7 23. Nd2 Rac8 24. Rab1 Ba8 25. Qe3 Rc6 26. a4 Rb8 27. a5 Nc8 28.
Rxb8 Nxb8 29. Rb1 Nd7 30. Bb4 Qd8 31. d5 exd5 32. exd5 Rc7 33. d6 Ra7 34. Nxc4
Nf6 35. Re1 Bd5 36. Ne5 Rb7 37. Qc3 Nxd6 38. Qd4 Re7 39. Rd1 Nd7 40. Ng4 Nb5
41. Nf6+ Kf8 42. Nxh7+ Ke8 43. Nf6+ Kf8 44. Qxd5 1-0

[Event " 22. CAROBNI PRSTEN 2019"]
[Site "Valpovo"]
[Date "2019.12.15"]
[Round "7.1"]
[White "Cvitan, Ena"]
[Black "Juric, Matea"]
[Result "1-0"]
[WhiteElo "2289"]
[BlackElo "1567"]
[PlyCount "83"]
[EventDate "2019.12.13"]

1. d4 d5 2. c4 e6 3. Nc3 Nf6 4. cxd5 exd5 5. Bg5 Be7 6. e3 b6 7. Nf3 Bb7 8. Bd3
Nbd7 9. O-O O-O 10. Rc1 a6 11. Qc2 Rc8 12. Bf5 Ne4 13. Bxe7 Qxe7 14. Ne5 Nef6
15. Nxd7 Nxd7 16. Bxh7+ Kh8 17. Bd3 g6 18. Qe2 a5 19. Ba6 Bxa6 20. Qxa6 Nf6 21.
Qb7 Qd7 22. Qa6 Kg7 23. Qe2 Rh8 24. Qf3 Qd6 25. h3 Qd7 26. Rc2 c6 27. Rfc1 b5
28. Ne2 Rc7 29. Nf4 Rhc8 30. Nd3 Ne4 31. Nc5 Nxc5 32. Rxc5 Qd6 33. a4 bxa4 34.
Qd1 Rb8 35. Qxa4 Rxb2 36. Qxa5 Rbb7 37. Qc3 Rb6 38. e4 f6 39. exd5 Ra6 40. dxc6
Kf8 41. d5 Kf7 42. Rb5 1-0

[Event " 22. CAROBNI PRSTEN 2019"]
[Site "Valpovo"]
[Date "2019.12.15"]
[Round "7.2"]
[White "Bevanda, Ema"]
[Black "Ivekovic, Ana"]
[Result "1/2-1/2"]
[WhiteElo "1570"]
[BlackElo "2016"]
[PlyCount "48"]
[EventDate "2019.12.13"]

1. d4 Nf6 2. Bf4 e6 3. Nf3 Be7 4. h3 b6 5. e3 Bb7 6. Nbd2 Ne4 7. Nxe4 Bxe4 8.
Bd3 Bxd3 9. Qxd3 d6 10. O-O O-O 11. a4 Nd7 12. c3 Bf6 13. Qb5 Qe7 14. Rfd1 Rfd8
15. Bg3 a6 16. Qc4 c5 17. Qb3 cxd4 18. exd4 Rdc8 19. Nd2 d5 20. Re1 Qf8 21. Qd1
Be7 22. Nf3 Bd6 23. Ne5 Nxe5 24. Bxe5 Bxe5 1/2-1/2

[Event " 22. CAROBNI PRSTEN 2019"]
[Site "Valpovo"]
[Date "2019.12.15"]
[Round "7.3"]
[White "Vidovic, Petra"]
[Black "Djukic, Sandra"]
[Result "0-1"]
[WhiteElo "1518"]
[BlackElo "2151"]
[PlyCount "52"]
[EventDate "2019.12.13"]

1. e4 c5 2. Nf3 Nc6 3. d4 cxd4 4. Nxd4 Qc7 5. Nc3 e6 6. a3 a6 7. Be3 Nf6 8. f3
Be7 9. Qd2 b5 10. Be2 Bb7 11. O-O O-O 12. a4 b4 13. Nd1 Ne5 14. c3 d5 15. exd5
Nxd5 16. cxb4 Bxb4 17. Qc2 Qe7 18. Bf2 Rac8 19. Qb1 Rfd8 20. Nc2 Nf4 21. Nd4
Rxd4 22. Bxd4 Nxe2+ 23. Kh1 Nxd4 24. f4 Ng4 25. Qd3 Qh4 26. h3 Nf5 0-1